Movies Quiz

Random Movies or Popular Quiz

50 Movies Snubbed by the Oscars Quiz Stats

 Plays Quiz not verified by Sporcle

* indicates an animated movie. Feel free to hold constructive debate in the comments section, but don't attack the quiz for the parts you disagree with. Bonus answers are provided from the comments on the source article, and more will be added based on the comments on this quiz.
Score 0/50 Timer 08:00
0 Plays Today
Year Movie % Correct
2008The Dark Knight
88.5%
2003Kill Bill: Vol. 1
86.1%
1985Back to the Future
84.3%
1995*Toy Story
78.1%
1999Fight Club
75.5%
2004Eternal Sunshine of the Spotless Mind
70.9%
2000Memento
69.8%
2001Amelie
68%
1980Star Wars: Episode V - The Empire Strikes Back
66.5%
1960Psycho
66.5%
2000Almost Famous
64.9%
2006Children of Men
64.7%
1959Some Like It Hot
63.6%
2011Harry Potter and the Deathly Hallows: Part II
63.4%
1987The Princess Bride
62.5%
1989Do the Right Thing
62%
1968Rosemary's Baby
58.9%
1980The Shining
58.5%
1961Breakfast at Tiffany's
56.7%
1997Boogie Nights
55.9%
1992Reservoir Dogs
55.9%
1971Dirty Harry
55.6%
1952Singin' in the Rain
53.4%
1982Blade Runner
53.2%
1958Vertigo
51.9%
Year Movie % Correct
2008*WALL-E
51%
1959North By Northwest
49.9%
1986Stand By Me
49.2%
1995The Usual Suspects
49%
1987Full Metal Jacket
48.4%
1992Malcolm X
48.3%
1973Serpico
47.5%
1954Rear Window
45.2%
1951The African Queen
40.6%
2001The Royal Tenenbaums
37.8%
2000O Brother Where Art Thou?
36.9%
1958Touch of Evil
36.6%
1962The Manchurian Candidate
33.6%
1979Alien
32.4%
2002City of God
30.5%
1938Bringing Up Baby
30.5%
200225th Hour
22.5%
2006Pan's Labyrinth
21.2%
1976The Outlaw Josey Wales
20.1%
1969The Wild Bunch
19.7%
1940His Girl Friday
15.9%
1948Red River
13.2%
1988Cinema Paradiso
12.8%
1956The Killing
11.3%
1947Black Narcissus
8%

You're not logged in!

Compare scores with friends on all Sporcle quizzes.
Join for Free
OR
Log In

You Might Also Like...

Show Comments

Extras

Top Quizzes Today


Score Distribution

Your Account Isn't Verified!

In order to create a playlist on Sporcle, you need to verify the email address you used during registration. Go to your Sporcle Settings to finish the process.

Report this User

Report this user for behavior that violates our Community Guidelines.

Details: